MARC

Tag First Indicator Second Indicator Subfields
LEADER 00000cam a2200000 i 4500
001 in00004372113
006 m o d
007 cr cnu---unuuu
008 210602t20222022enk ob 001 0 eng
005 20230619015237.6
010 |a  2021027005 
020 |a 9781009026116  |q electronic book 
020 |a 1009026119  |q electronic book 
020 |z 9781316515617  |q hardcover 
020 |z 9781009012553  |q paperback 
024 8 |a 99988839603 
035 |a (DLC)ybp302009070 
040 |a NhCcYBP  |c NhCcYBP  |d UtOrBLW 
042 |a pcc 
043 |a l------  |a e------  |a n-us--- 
050 4 |a E209  |b .A47 2022 
082 0 0 |a 303.48/409  |2 23 
084 |a HIS000000  |2 bisacsh 
100 1 |a Alpaugh, Micah,  |e author.  |0 http://id.loc.gov/authorities/names/n2014053928 
245 1 0 |a Friends of freedom :  |b the rise of social movements in the age of Atlantic revolutions /  |c Micah Alpaugh. 
246 3 0 |a Rise of social movements in the age of Atlantic revolutions 
264 1 |a Cambridge, United Kingdom :  |b New York, NY :  |b Cambridge University Press,  |c 2022. 
264 4 |c ©2022 
300 |a 1 online resource. 
336 |a text  |b txt  |2 rdacontent 
337 |a computer  |b c  |2 rdamedia 
338 |a online resource  |b cr  |2 rdacarrier 
504 |a Includes bibliographical references and index. 
505 0 |a The American Revolution ignites social movements -- The Sons of Liberty and the creation of a movement model -- From boycott mobilization to the American Revolution -- Wilkes, liberty, and the Anglo American crisis -- The British Association movement and parliamentary reform -- The Irish Volunteers and militant reform -- Religious freedom, political liberty, and Protestant Dissenter civil rights -- British abolitionism and the broadening of social movements -- The French Revolution radicalizes social movements -- The genesis of the French Jacobins -- French revolutionary polarization and the coming of the Haitian Revolution -- The French Jacobin network in power -- Radicalizing club life in 1790s Britain -- The United Irishmen in an Atlantic crosswind -- The French Revolution and the making of the American Democratic Party -- From revolutionary committees to American electoral party politics. 
588 |a Description based on online resource; title from digital title page (viewed on November 05, 2021). 
500 |a Electronic resource. 
650 0 |a Jacobins  |x History. 
650 0 |a Political clubs  |x History. 
650 0 |a Social movements  |x History.  |0 http://id.loc.gov/authorities/subjects/sh2010113470 
650 0 |a Social movements  |x International cooperation. 
650 0 |a Liberty  |x History  |y 18th century.  |0 http://id.loc.gov/authorities/subjects/sh2009129647 
651 0 |a United States  |x History  |y Revolution, 1775-1783  |x Influence.  |0 http://id.loc.gov/authorities/subjects/sh85140162 
651 0 |a United States  |x History  |y Revolution, 1775-1783  |x Social aspects.  |0 http://id.loc.gov/authorities/subjects/sh2007100043 
651 0 |a France  |x History  |y Revolution, 1789-1799  |x Influence.  |0 http://id.loc.gov/authorities/subjects/sh85051332 
651 0 |a Atlantic Ocean Region  |x Politics and government. 
651 0 |a Europe  |x Politics and government  |y 1789-1900.  |0 http://id.loc.gov/authorities/subjects/sh85045743 
647 7 |a American Revolution  |c (United States :  |d 1775-1783)  |2 fast  |0 (OCoLC)fst01351668 
647 7 |a Revolution  |c (France :  |d 1789-1799)  |2 fast  |0 (OCoLC)fst01354514 
648 7 |a 1700-1900  |2 fast 
655 7 |a Electronic books.  |2 local 
710 2 |a Cambridge University Press.  |0 http://id.loc.gov/authorities/names/n50059133 
776 1 8 |i Print version:  |a Alpaugh, Micah.  |t Friends of freedom  |d Cambridge, United Kingdom ; New York : Cambridge University Press, 2022  |z 9781316515617  |w (DLC) 2021027004 
856 4 0 |u http://proxy.library.tamu.edu/login?url=https://doi.org/10.1017/9781009026116  |z Connect to the full text of this electronic book  |t 0 
945 |b 78468 
955 |a YBP purchased firm e-records 
999 f f |s 9631a2fb-4dfb-3d47-b4c5-70987ad52a3a  |i 9d9bd7c8-87ad-3f39-af6a-85f6650dd636  |t 0 
952 f f |a Texas A&M University  |b College Station  |c Electronic Resources  |d Available Online  |t 0  |e E209 .A47 2022  |h Library of Congress classification 
998 f f |a E209 .A47 2022  |t 0  |l Available Online